Представление документа в формате MARC21

Поле Инд. ПП Название Значение
Тип записи a
Библиографический уровень m
001 Контрольный номер RU/IS/BASE/438189377
005 Дата корректировки 20250717143604.7
008 Кодируемые данные 20131119
022 0_ a ISSN 0131-2332
041 a Код языка текста rus
084 a Индекс другой классификации/Индекс ББК 83.3(2=411.2)6; 84(2=411.2)6; 63.3(2)5; 66.2(5Ирн); 71; 85.103; 86
090 a Полочн. индекс 95.2
x Авторский знак М 821
099 a Индекс 73253
245 10 a Заглавие Москва
n Номер части/ раздела №11/2013
b Продолж. заглавия журнал русской культуры
c Ответственность учредители: Союз писателей России, трудовой коллектив журнала "Москва"; гл. ред. В. В. Артемов
260 c Дата издания 2013
b Издательство Москва
a Место издания Москва
300 a Объем 240 с.
500 a Примечание Журнал
505 a Форматированное содержание Золотая осень
b Автор Дурылин С. Н.
505 0_ a Форматированное содержание Слова в таинственном порядке...
b Автор Лясковская Н. В.
505 0_ a Форматированное содержание Моление
b Автор Аксенов В.
n Доп. информация Окончание. Начало в №10/2013
505 0_ a Форматированное содержание Летнее светлое счастье
b Автор Демченко О. Л.
505 0_ a Форматированное содержание Памяти погибшей сирени
b Автор Шубина В. С.
505 0_ a Форматированное содержание Спаситель Отечества
b Автор Попов Э. А.
b Автор Велигонова И. В.
505 0_ a Форматированное содержание Итоги правления М. Ахмадинежада и проблемы нового президента
b Автор Иваненко В. И.
505 0_ a Форматированное содержание Три тоталитаризма
b Автор Щипков А. В.
n Доп. информация О состоянии идеологического пространства
505 0_ a Форматированное содержание Леонид Бородин: в поисках "золотой рыбки"
b Автор Федченко Н. Л.
505 0_ a Форматированное содержание Художник милостью Божией
b Автор Георгиевский А. С.
505 0_ a Форматированное содержание Дмитриев-Мамонов Матвей Александрович
n Доп. информация Антология одного стихотворения
505 0_ a Форматированное содержание Как Петр Великий в Москве Триумфальные ворота поставил
b Автор Васькин А.
n Доп. информация К 400-летию императорского дома Романовых
505 0_ a Форматированное содержание Из чего рождаются гонения на церковь
b Автор Шаргунов А.
505 0_ a Форматированное содержание Французские патриоты: вся надежда на Россию
b Автор Четверикова О.
600 a Персоналии Катков Михаил Никифорович
a Персоналии Бородин Леонид Иванович
a Персоналии Ахмадинежад Махмуд
a Персоналии Рухани Хасан
a Персоналии Петр I Великий
a Персоналии Дмитриев-Мамонов Матвей Александрович
a Персоналии Корин Павел Дмитриевич
650 14 a Основная рубрика литературоведение
a Основная рубрика художественная литература
653 a Ключевые слова "арабская весна"
a Ключевые слова "Трики, или Хроника злобы дней"
a Ключевые слова "Хорошие люди"
a Ключевые слова XIX век
a Ключевые слова XVII век
a Ключевые слова XVIII век
a Ключевые слова XX век
a Ключевые слова внешняя политика
a Ключевые слова внутриполитическая борьба
a Ключевые слова гонения
a Ключевые слова гражданское общество
a Ключевые слова идеологическое пространство
a Ключевые слова изобразительное искусство
a Ключевые слова Иран
a Ключевые слова иранская ядерная программа (ИЯП)
a Ключевые слова Исламская Республика Иран (ИРИ)
a Ключевые слова история
a Ключевые слова Корпус стражников исламской революции (КСИР)
a Ключевые слова культура
a Ключевые слова литературная критика
a Ключевые слова Москва
a Ключевые слова общественное мнение
a Ключевые слова политический язык
a Ключевые слова Польское восстание 1863-1864
a Ключевые слова религия
a Ключевые слова Российская империя
a Ключевые слова Россия
a Ключевые слова русская литература
a Ключевые слова социальное расслоение
a Ключевые слова суверенитет
a Ключевые слова тоталитаризм
a Ключевые слова Триумфальные ворота
a Ключевые слова художники
a Ключевые слова Церковь
655 a Жанр/ форма (устаревшее) проза
a Жанр/ форма (устаревшее) поэзия
a Жанр/ форма (устаревшее) стихотворение
a Жанр/ форма (устаревшее) роман
a Жанр/ форма (устаревшее) рассказ
a Жанр/ форма (устаревшее) публицистика
700 a Автор Дурылин С. Н.
q Полное имя Дурылин Сергей Николаевич
700 1_ a Автор Лясковская Н. В.
q Полное имя Лясковская Наталья Викторовна
700 1_ a Автор Аксенов В.
q Полное имя Аксенов Василий
700 1_ a Автор Демченко О. Л.
q Полное имя Демченко Олег Леонтьевич
700 1_ a Автор Шубина В. Л.
q Полное имя Шубина Валерия Семеновна
700 1_ a Автор Попов Э. А.
q Полное имя Попов Эдуард Викторович
700 1_ a Автор Велигонова И. В.
q Полное имя Велигонова Ирина Викторовна
700 1_ a Автор Иваненко В. И.
q Полное имя Иваненко Владимир Иванович
700 1_ a Автор Щипков А. В.
q Полное имя Щипков Александр Владимирович
700 1_ a Автор Федченко Н. Л.
q Полное имя Федченко Наталья Леонидовна
700 1_ a Автор Георгиевский А. С.
q Полное имя Георгиевский Алексей Сергеевич
700 1_ a Автор Васькин А.
q Полное имя Васькин Александр
700 1_ a Автор Шаргунов А.
c Титул/звания/проч. протоиерей
q Полное имя Шаргунов Александр
700 1_ a Автор Четверикова О.
q Полное имя Четверикова Ольга
773 08 w Контрольный № источника RU/IS/BASE/409751016
901 t Тип документа s
952 a Тип литературы для КСУ ВШ ЛХЖ
991 s 6